00518nam a2200181Ia 4500003000500000008004100005020001800046040001900064082000700083100001600090245001800106260004000124300000800164546001200172942001200184999001700196952012300213STCL181203s9999 xx 000 0 und d a9789327220650 aSTCLbENcSTCL 222 aSingh, B.D. 0aBiotechnology bKalyani PublishersaNew Delhic2012 a602 aEnglish 2ddccBK c83765d83765 00102ddc4070aSTCALbSTCALcGENd2018-12-03l1o660.6 SIN-Bp91566r2022-11-21 00:00:00s2022-11-15w2018-12-03yBK